Structural, civil and pipe drafting / (Record no. 17755)
[ view plain ]
| 000 -LEADER | |
|---|---|
| fixed length control field | 00658nam a22002298i 4500 |
| 001 - CONTROL NUMBER | |
| control field | 016329712 |
| 003 - CONTROL NUMBER IDENTIFIER | |
| control field | OSt |
| 005 - DATE AND TIME OF LATEST TRANSACTION | |
| control field | 20131111144539.0 |
| 008 - FIXED-LENGTH DATA ELEMENTS--GENERAL INFORMATION | |
| fixed length control field | 130419s2013 at 000 0 eng|d |
| 020 ## - INTERNATIONAL STANDARD BOOK NUMBER | |
| International Standard Book Number | 9781133949398 (pbk.) : |
| 040 ## - CATALOGING SOURCE | |
| Original cataloging agency | StDuBDS |
| Language of cataloging | eng |
| Transcribing agency | StDuBDS |
| Description conventions | rda |
| 082 04 - DEWEY DECIMAL CLASSIFICATION NUMBER | |
| Classification number | 604.2 |
| Edition number | 23 |
| Item number | GOE |
| 100 1# - MAIN ENTRY--PERSONAL NAME | |
| Personal name | Goetsch, David L. |
| 9 (RLIN) | 20082 |
| 245 10 - TITLE STATEMENT | |
| Title | Structural, civil and pipe drafting / |
| Statement of responsibility, etc | by David Goetsch. |
| 250 ## - EDITION STATEMENT | |
| Edition statement | 2nd. ed. |
| 300 ## - PHYSICAL DESCRIPTION | |
| Extent | 1 v ; |
| Dimensions | 28 cm. |
| 650 #0 - SUBJECT ADDED ENTRY--TOPICAL TERM | |
| Topical term or geographic name as entry element | Engineering drawings. |
| 9 (RLIN) | 34448 |
| 650 #0 - SUBJECT ADDED ENTRY--TOPICAL TERM | |
| Topical term or geographic name as entry element | Structural drawing. |
| 9 (RLIN) | 34449 |
| 650 #0 - SUBJECT ADDED ENTRY--TOPICAL TERM | |
| Topical term or geographic name as entry element | Mechanical drawing. |
| 9 (RLIN) | 34450 |
| 653 ## - INDEX TERM--UNCONTROLLED | |
| Resource For college | |
| Arrived date list | November2013 |
| 942 ## - ADDED ENTRY ELEMENTS (KOHA) | |
| Source of classification or shelving scheme | Dewey Decimal Classification |
| Item type | Book - Borrowing |
| Call number prefix | 604.2 GOE |
| Withdrawn status | Item status | Source of classification or shelving scheme | Damaged status | Not for loan | Vendor | Home library | Current library | Shelving location | Date acquired | Source of acquisition | Total Checkouts | Full call number | Barcode | Date last seen | Koha item type | Total Renewals | Date last borrowed |
|---|---|---|---|---|---|---|---|---|---|---|---|---|---|---|---|---|---|
| Dewey Decimal Classification | Baccah | Central Library | Central Library | First floor | 11/11/2013 | 604.2 GOE | 000035063 | 15/07/2025 | Book - Borrowing | ||||||||
| Dewey Decimal Classification | Baccah | Central Library | Central Library | First floor | 11/11/2013 | 1 | 604.2 GOE | 000035064 | 15/07/2025 | Book - Borrowing | 2 | 08/09/2015 | |||||
| Dewey Decimal Classification | Baccah | Central Library | Central Library | First floor | 17/11/2013 | 1 | 604.2 GOE | 000035098 | 15/07/2025 | Book - Borrowing | 8 | 23/09/2017 |